00982nam a22002177a 4500003001000000005001700010008004100027020001800068040003400086080001800120100004100138245004000179260003200219300002100251490003000272500003500302520032900337650003000666655003000696700003800726AR-RoUNCS20260212091909.0240826s2005 sp gr 000 f spa  a84-666-2321-3 aAR-BaBNbspacAR-RoUNCSeaacr 082-312.4(410)1 aPerry, Anne,d1938-2023eautora4aut14aLos pecados del lobo /cAnne Perry. aBarcelona :bByblos,c2005. a506 p. ;c18 cm.0 aByblos. Narrativav1359/7 aTraducido por Victoria Simó.3 aLa enfermera Hester Latterly ha encontrado un nuevo trabajo: acompañar a una anciana durante una visita a Londres. Pero la mujer muere envenenada durante el viaje. El inspector William Monk deberá demostrar la culpabilidad de la enfermera o encontrar al asesino entre los miembros del enigmático clan de los Farraline. 72embneaLiteratura inglesa 7aNovelas policiacas2embne1 aSimó, Victoriaetraductora4trl